000 00792nmc a2200277 a 4500
003 AR-BaBNM
005 20251128210131.0
008 129019s1996 ||||||||||||||000 | spa||
020 _a84-7738-426-6
040 _cAR-BaBNM
100 1 _aSolias Arís, María Teresa
245 1 0 _aGramática categorial
_bmodelos y aplicaciones
260 _aMadrid
_bSíntesis
_c1996
300 0 _a207 p.
_bgráfs.
490 0 _aLingüística
_vv. 23
500 0 _aContiene referencias bibliográficas en p. 193
500 0 _aIndice de materias en p. 205
650 4 _aLINGUISTICA
650 4 _aANALISIS LINGUISTICO
650 4 _aTEORIA LINGUISTICA
650 4 _aGRAMATICA
650 4 _aMODELOS LINGUISTICOS
800 1 _aMarín, Francisco Marcos
_edirector
942 _cBK
998 _cMARTIN
999 _c14189
_d14189